LEADER 01130nam a2200301 i 4500 001 000000149306 003 CaOOAMICUS 005 20060329000000.0 008 060329s1997 it u000 u ita u 013 $a126626 020 $a88-8166-026-1 040 $aSeMil$bita 100 1 $aLuther, Martin$b<1483-1545>.$0(OLS)http://semarc/name/305 245 10$aCommento al Magnificat /$cMartin Lutero. 250 $aNuova ed. rived. e corretta. 260 $aSotto il Monte (BG) :$bServitium,$c1997. 300 $a149 p. ;$c19 cm. 490 0 $aQuaderni di ricerca ;$v2 650 4$aMagnificat.$0(OLS)http://semarc/subject/11066 830 0$aQuaderni di ricerca ;$v2.$0(OLS)http://semarc/title/10452 850 $aSeMil 852 $aSeMil$W1$xVenegono$y1$m2D II 248$j101576$B101576$CSeMilBibl$Z2$F110320 $81 900 1 $aMartin Lutero. 961 $aRecupero: Altro 996 $6020$a88-8166-026-1$9(OLS)http://semarc/number/138405 996 $6245$aCommento al Magnificat$9(OLS)http://semarc/title/195758 996 $6260$aSotto il Monte (BG) :$bServitium$9(OLS)http://semarc/publisher/32220 LEADER 00609nab a2200157 i 4500 001 000000319256 003 CaOOAMICUS 005 20180831173303.0 008 180831n it uu u0 0ita r 013 $a28938 040 $aSeMil$bita 245 14$aUna teologia per la giustizia :$btemi sociali nel pensiero di Carlo Colombo. 650 4$aEtica sociale.$0(OLS)http://semarc/subject/331 650 4$aMorale sociale.$0(OLS)http://semarc/subject/3565 773 0 $tCarlo Colombo.$gp.629-654$w()276887 996 $6245$aUna teologia per la giustizia :$btemi sociali nel pensiero di Carlo Colombo.$9(OLS)http://semarc/title/393037